Репресоване "відродження" (Запис № 17556)
[ простий вигляд ]
| 000 -Маркер запису | |
|---|---|
| Контрольне поле сталої довжини | 01760nam a22002417a 4500 |
| 003 - Належність контрольного номера | |
| Контрольне поле | Uzh_bibl |
| 008 - Кодовані дані | |
| Контрольне поле сталої довжини | 260429b |||||||| |||| 00| 0 ukr d |
| 020 ## - Індекс ISBN | |
| ISBN | 5-319-00886-4 |
| Ціна | 0.54 |
| 040 ## - Джерело каталогіз. | |
| Код мови каталог. | укр. |
| 041 ## - Код мови видання | |
| Код мови оригіналу | українська |
| Код мови тексту | українська |
| 080 ## - Індекс УДК | |
| Індекс УДК | 94(477) |
| 090 ## - Шифри | |
| Поличний індекс | 94(477) |
| Авторський знак | Р 41 |
| 100 ## - Автор | |
| Автор | |
| 245 ## - Назва | |
| Назва | Репресоване "відродження" |
| Відповідальність | Упорядн. О. І. Сидоренко, Д. В. Табачник |
| Фізичний носій | Текст |
| 260 ## - Вихідні дані | |
| Місце видання | Київ |
| Видавництво | Україна |
| Дата видання | 1993 |
| 300 ## - Фізичний опис | |
| Обсяг | 399 с. |
| Тип одиниці | В опр. |
| 520 ## - Анотація | |
| Анотація | Відродження української культури у 20-ті роки саме набувало розквіту, коли сталінські поплічники розпочали полювання на її найвидатніших діячів, переслідуючи мету — дощенту винищити українську інтелігенцію. Ціла когорта талановитих вчених, письменників, художників була безпідставно репресована. Про долю М. Василенка, М. Філянського, С. Єфімова, В. Підмогильного, П. Филиповича, М. Яворського, Ф. Ернста та багатьох інших, безневинно засуджених і в переважній більшості знищених у сталінських таборах, розповідається у цій книзі. |
| 521 ## - Примітка про цільове призначення | |
| Примітка про цільове призначення | Для широкого кола читачів |
| 546 ## - Примітка про мову | |
| Примітка про мову | укр. |
| 650 ## - Тематичні рубрики | |
| Основна рубрика | Літературно-художне видання |
| 653 ## - Ключові слова | |
| Ключові слова | Українська інтелігенція |
| -- | Вчені |
| 942 ## - ADDED ENTRY ELEMENTS (KOHA) | |
| Джерело класифікації чи схема поличного розташування | |
| Koha item type | Книги |
| Статус вилучення | Статус втрати/відсутності | Джерело класифікації чи схема поличного розташування | Статус пошкодження | Тип обігу (не для випозичання) | Постійне розташування | Поточне розташування | Розташування у відділі | Дата надходження | Інвентарний номер | Total Checkouts | Повний (примірниковий) шифр зберігання | Штрих-код | Date last seen | Дата, для якої чинна ціна заміни | Тип одиниці (рівень примірника) |
|---|---|---|---|---|---|---|---|---|---|---|---|---|---|---|---|
| Публічна бібліотека | Публічна бібліотека | Абонемент | 29/04/2026 | 44710-3 | 94(477) | 19345 | 29/04/2026 | 29/04/2026 | Книги |